| 000 | 01193nam a22003017a 4500 | ||
|---|---|---|---|
| 999 |
_c63605 _d63605 |
||
| 005 | 20240530110650.0 | ||
| 008 | 171210s2015 su h g b 000 0 ara d | ||
| 017 |
_a1436/3941 _bالسعودية . مكتبة الملك فهد الوطنية |
||
| 020 | _a9786038139929 | ||
| 040 |
_aEG-CaGPL _cEG-CaGPL |
||
| 082 | 0 | 4 |
_221 _a152 / _bم ع |
| 100 | 0 | _aمحمد محمود محمد على | |
| 245 | 1 | 0 |
_aعلم النفس الفسيولوجى = _bPsychophysiology / _cمحمد محمود محمد على ، ماجدة حمدى على ، على سيد مصطفى |
| 250 | _aط. 1 | ||
| 260 |
_aالرياض : _bدار الزهراء ، _c2015. |
||
| 300 |
_a344 ص. : _bصور ؛ _c24 سم. |
||
| 504 | _aيشتمل على ارجاعات ببليوجرافية | ||
| 650 | 0 | 7 |
_2qrmak _aعلم الفسيولوجى |
| 650 | 0 | 7 |
_2qrmak _aالاجهاد |
| 650 | 0 | 7 |
_2qrmak _aالتحليل النفسى |
| 650 | 0 | 7 |
_2qrmak _aالاحساس |
| 650 | 0 | 7 |
_2qrmak _aالالم |
| 651 | _2qrmak | ||
| 700 | 0 |
_aماجدة حمدى على _eمؤلف مشارك |
|
| 700 | 0 |
_aعلى سيد مصطفى _eمؤلف مشارك |
|
| 942 |
_2ddc _cBK |
||